000 00785nam a2200229 a 4500
999 _c10147
_d10147
001 10147
003 BD-JhCC
005 20180418184638.0
008 180418s1979 bg |||| |||| 000 0 ben d
035 _a(BD-JhCC)10147
040 _aBD-JhCC
_dBD-JhCC
041 _aben
082 _a398.3
_bNAS 1979
100 _aনাসির, কাজী
245 _aউত্তরবঙ্গের ভাওয়াইয়া ও বিয়ের গীত /
_cকাজী নাসির
260 _aঢাকা :
_bফোক্ মিউজিক কাউন্সিল,
_c1979.
300 _a95 p. :
_c24 cm.
490 _aলোক সংগীত সংরক্ষণ গ্রন্থ-২
650 _aFolk Song
_xNorth Bengal
942 _2ddc
_cBK